000 01673nam a2200505 i 4500
001 25301
003 KOSZ 005
005 20200430143732.0
008 200430s1997 pl a f 000 0 pol
015 _aUWD 1997/8180
020 _a8386890215
035 _a991004929319705066
035 _a(PL-WaBN)b11296185-48omnis_nlop
035 _ab11296185
035 _a(OCoLC)749377701
035 _a(PL)b0000001129618
035 _a(EXLNZ-48OMNIS_NETWORK)9910220434805606
040 _aWA N
_cWA N
_dKOSZ 005/RW
041 1 _apol
_hfre
046 _k1995
080 _a65.01
080 _a(07)
100 1 _aChauvet, Alain
_d(1944- )
_eAutor
245 1 0 _aMetody zarządzania :
_bprzewodnik /
_cAlain Chauvet ; przekład z francuskiego Marian Egeman.
246 1 _iTytuł oryginału:
_aMéthodes des management,
_f1995
260 _aWarszawa :
_b"Poltext",
_c1997.
300 _a200, [4] stron :
_bilustracje ;
_c24 cm.
336 _aTekst
_btxt
_2rdacontent
337 _aBez urządzenia pośredniczącego
_bn
_2rdamedia
338 _aWolumin
_bnc
_2rdacarrier
380 _aKsiążki
388 _a1901-2000
388 _a1989-2000
490 1 _aFinanse, Zarządzanie, Rozwój
650 7 _aZarządzanie
_2DBN
650 7 _aMetody
655 7 _aPodręcznik
_2DBN
658 _aZarządzanie i marketing
700 1 _aEgeman, Marian
_d(1940- )
_eTłumaczenie
710 2 _aWydawnictwo Poltext
_4pbl
830 0 _aFinanse, Zarządzanie, Rozwój
856 _uhttp://koha.tu.koszalin.pl/cgi-bin/koha/opac-detail.pl?biblionumber=25301
_yKatalog online BPK
942 _2UKD
_cKS
999 _c25301
_d25301